Where's the Fire? Quiz Stats

 Plays Quiz Updated Mar 6, 2017

Score 0/20 Timer 06:00
2 Plays Today
% Correct
Rome
94.1%
Tokyo
86%
New Orleans
82.8%
London
82.8%
Moscow
82.3%
Moscow
81.6%
San Francisco
76.7%
London
74.6%
Atlanta
64.6%
Chicago
62.5%
% Correct
New York City
61.7%
Tokyo
57.2%
Dresden
55%
Copenhagen
33.5%
New York City
33.1%
Texas City
31.6%
Halifax
25%
Boston
18.6%
Amsterdam
18.5%
Changsha
16.5%

You're not logged in!

Compare scores with friends on all Sporcle quizzes.
OR
Log In

Show Comments

Extras

Top Quizzes Today


Score Distribution

Your Account Isn't Verified!

In order to create a playlist on Sporcle, you need to verify the email address you used during registration. Go to your Sporcle Settings to finish the process.

Report this User

Report this user for behavior that violates our Community Guidelines.

Details: